000 00393nam a22001697a 4500
003 CEME
005 20210628203452.0
008 210201b xxu||||| |||| 00| 0 eng d
040 _c.
082 _a891.4392 HAM
100 _aHameed, A
_959074
245 _aHands up
260 _aLAHORE
_bMAQBOOL ACADEMY
_c1999
300 _a232P
650 _aURDU ADAB-FICTION
_965375
942 _cBK
_2ddc
999 _c573792
_d573792